000 00862nam a22002297a 4500
005 20091014112729.0
008 091014t xxu||||| |||| 00| 0 eng d
010 _aENG-94811
020 _a8183161065
_c700.00
035 _aEN-78344
037 _bDBAD / PUB
040 _adpl
_bEnglish
082 _a371.2
100 _aKrishnamacharyulu, V.
245 _aSchool management and systems of education /
_cby V. Krishnamacharyulu
260 _aHyderbad
_bNeelkamal Publications
_c2006
270 _aSultan Bazar,
_bHyderbad
_e500095
300 _axix, 348p.
_c23cm(Hb)
500 _aIncludes bibliographical references and index
942 _2ddc
_cEN
_mKRI
_h371.2
999 _c30931
_d30931